<?xml version="1.0" encoding="UTF-8"?>
<record
    xmlns:xsi="http://www.w3.org/2001/XMLSchema-instance"
    xsi:schemaLocation="http://www.loc.gov/MARC21/slim http://www.loc.gov/standards/marcxml/schema/MARC21slim.xsd"
    xmlns="http://www.loc.gov/MARC21/slim">

  <leader>02784nam a22002777a 4500</leader>
  <controlfield tag="005">20240305165613.0</controlfield>
  <controlfield tag="007">cr||||   |||| </controlfield>
  <controlfield tag="008">210823s2021    es |||||s|||| 00||0 spa d</controlfield>
  <datafield tag="020" ind1=" " ind2=" ">
    <subfield code="a">978-84-1377-403-9</subfield>
  </datafield>
  <datafield tag="035" ind1=" " ind2=" ">
    <subfield code="a">33550</subfield>
  </datafield>
  <datafield tag="040" ind1=" " ind2=" ">
    <subfield code="a">vLex</subfield>
  </datafield>
  <datafield tag="090" ind1=" " ind2=" ">
    <subfield code="c">12107</subfield>
    <subfield code="d">12107</subfield>
  </datafield>
  <datafield tag="100" ind1="1" ind2=" ">
    <subfield code="a">Bueno Ochoa, Luis</subfield>
  </datafield>
  <datafield tag="245" ind1="1" ind2="0">
    <subfield code="a">Fundamentos de conocimiento jur&#xED;dico</subfield>
    <subfield code="h">[Recurso electr&#xF3;nico] :</subfield>
    <subfield code="b">&#xC9;tica de la abogac&#xED;a /</subfield>
    <subfield code="c">Luis Bueno Ochoa</subfield>
  </datafield>
  <datafield tag="256" ind1=" " ind2=" ">
    <subfield code="a">Servicio en l&#xED;nea</subfield>
  </datafield>
  <datafield tag="260" ind1=" " ind2=" ">
    <subfield code="a">Madrid:</subfield>
    <subfield code="b">Dykinson,</subfield>
    <subfield code="c">2021</subfield>
  </datafield>
  <datafield tag="300" ind1=" " ind2=" ">
    <subfield code="a">1 recurso electr&#xF3;nico</subfield>
  </datafield>
  <datafield tag="500" ind1=" " ind2=" ">
    <subfield code="a">La misi&#xF3;n de los abogados consiste en tratar de resolver problemas ajenos asesorando, conciliando y/o defendiendo en juicio de manera que la problematizaci&#xF3;n es inherente al elenco de funciones que dotan de contenido a su rol profesional. Y problematizar, cuando el contexto natural en el que se desenvuelven los abogados es el de la conflictividad, hace que la proyecci&#xF3;n hacia otros &#x96;ad auxilium vocatus&#x96; no deje de revolverse, a su vez, contra s&#xED; mismos. Su modus operandi es un continuo dinamizador de problemas inscritos en la conflictividad interhumana que no se queda en los problemas de los otros sino que atraviesan, con frecuencia, la coraza profesional y llegan hasta el fuero interno de la conciencia. Y es que el desdoblamiento, ll&#xE1;mese coartada, que distingue entre la faceta profesional y la personal puede dejar de funcionar. [&#x85;] Que ir &#xAB;a contracorriente&#xBB; sea una se&#xF1;a de identidad de los abogados les emparenta con&#x85; &#xBF;con qui&#xE9;n? Si fue Dworkin quien distingui&#xF3; entre Justice for hedgehogs y Justice for foxes por qu&#xE9; no plantearnos adscribir a los abogados al salm&#xF3;n, el pez heroico, en vez de remitirnos al buitre, un ave carro&#xF1;era, aunque necesaria. Si la respuesta ofrecida no satisface a&#xFA;n se puede hacer un &#xFA;ltimo intento en busca de la justificaci&#xF3;n n&#xE1;utica. Fluctuat nec mergitur, o sea, &#xAB;flota sin sumergirse&#xBB;; o, &#xAB;se sacude pero no se hunde&#xBB;, la divisa del escudo de armas de la ciudad de Par&#xED;s que incorpor&#xF3; Freud en la entradilla de su Historia del movimiento psicoanal&#xED;tico (1914). Pregunt&#xE9;monos, ahora que terminamos para disponernos a empezar: &#xBF;acaso no ser&#xE1; la misi&#xF3;n de los abogados nadar, como el salm&#xF3;n, &#xAB;a contracorriente&#xBB;?</subfield>
  </datafield>
  <datafield tag="506" ind1="1" ind2=" ">
    <subfield code="a">Disponible solo en los productos indicados</subfield>
    <subfield code="d">vLex Global</subfield>
    <subfield code="d">vLex Global (Academic Edition, excluding Law Schools)</subfield>
    <subfield code="d">vLex Global (U.S. Academic Edition, Law Schools)</subfield>
    <subfield code="d">vLex Global (U.S. Academic Edition, excluding Law Schools)</subfield>
    <subfield code="d">vLex Global (Academic Edition, Law Schools)</subfield>
  </datafield>
  <datafield tag="650" ind1="0" ind2="4">
    <subfield code="a">Abogados</subfield>
    <subfield code="z">Espa&#xF1;a</subfield>
  </datafield>
  <datafield tag="650" ind1="0" ind2="4">
    <subfield code="a">Derecho Militar</subfield>
    <subfield code="z">Espa&#xF1;a</subfield>
  </datafield>
  <datafield tag="650" ind1="0" ind2="4">
    <subfield code="a">Filosof&#xED;a y religi&#xF3;n</subfield>
    <subfield code="z">Espa&#xF1;a</subfield>
  </datafield>
  <datafield tag="740" ind1="0" ind2=" ">
    <subfield code="a">vLex Libros (Servicio en l&#xED;nea)</subfield>
  </datafield>
  <datafield tag="856" ind1="4" ind2="0">
    <subfield code="u">https://app.vlex.com/#/sources/33550</subfield>
  </datafield>
  <datafield tag="942" ind1=" " ind2=" ">
    <subfield code="c">RAA</subfield>
  </datafield>
  <datafield tag="952" ind1=" " ind2=" ">
    <subfield code="0">0</subfield>
    <subfield code="1">0</subfield>
    <subfield code="4">0</subfield>
    <subfield code="7">0</subfield>
    <subfield code="8">VLEX</subfield>
    <subfield code="9">328292</subfield>
    <subfield code="a">BD-UIN</subfield>
    <subfield code="b">BD-UIN</subfield>
    <subfield code="d">2024-03-05</subfield>
    <subfield code="l">0</subfield>
    <subfield code="p">33550</subfield>
    <subfield code="r">2024-03-05</subfield>
    <subfield code="w">2024-03-05</subfield>
    <subfield code="y">RAA</subfield>
  </datafield>
  <datafield tag="999" ind1=" " ind2=" ">
    <subfield code="c">170343</subfield>
    <subfield code="d">170343</subfield>
  </datafield>
</record>
